Self Containing Countries Quiz Stats

Quiz Updated Jul 14, 2016

Challenge
Share
Tweet
Embed
Score 0/37 Timer 07:00
2 Plays Today
Country % Correct
Australia
91%
Argentina
84%
Austria
81.5%
India
80.6%
Afghanistan
74.5%
Albania
74.1%
Algeria
72.6%
Indonesia
70.2%
Armenia
67.9%
Uruguay
66.7%
Andorra
66.4%
New Zealand
66.4%
Kazakhstan
64.3%
Azerbaijan
63.8%
Angola
63.8%
Netherlands
57.3%
Czechia
57.3%
Turkmenistan
56.4%
St Kitts and Nevis
52.5%
Country % Correct
Antigua and Barbuda
52.4%
Eritrea
52.1%
Philippines
51.8%
Tajikistan
51.1%
Barbados
50.4%
Central African Republic
48.9%
Myanmar
47.4%
Trinidad and Tobago
46.7%
Costa Rica
45.3%
South Sudan
45.1%
Seychelles
44.9%
St Vincent and the Grenadines
43.5%
Georgia
42%
Solomon Islands
39.8%
Papua New Guinea
39.7%
Equatorial Guinea
39%
Mozambique
36%
Timor-Leste
26.4%

You're not logged in!

Compare scores with friends on all Sporcle quizzes.
Join for Free
OR
Log In

You Might Also Like...

Show Comments

Extras

Top Quizzes Today


Score Distribution

Your Account Isn't Verified!

In order to create a playlist on Sporcle, you need to verify the email address you used during registration. Go to your Sporcle Settings to finish the process.

Report this User

Report this user for behavior that violates our Community Guidelines.

Details: